Educational research : (Record no. 136588)

MARC details
000 -LEADER
fixed length control field 00631nam a22002177a 4500
010 ## - LIBRARY OF CONGRESS CONTROL NUMBER
LC control number A-451830
020 ## - INTERNATIONAL STANDARD BOOK NUMBER
Terms of availability 90.00
035 ## - SYSTEM CONTROL NUMBER
System control number A-451830
037 ## - SOURCE OF ACQUISITION
Source of stock number/acquisition Cen Lib / Ret
040 ## - CATALOGING SOURCE
Original cataloging agency DPL
Language of cataloging EN
082 ## - DEWEY DECIMAL CLASSIFICATION NUMBER
Classification number 370.78
Item number AGA
100 ## - MAIN ENTRY--PERSONAL NAME
Personal name J. C. Aggarwal
245 ## - TITLE STATEMENT
Title Educational research :
Remainder of title an introduction /
Statement of responsibility, etc by J C Aggarwal
250 ## - EDITION STATEMENT
Edition statement 4th rev ed
260 ## - PUBLICATION, DISTRIBUTION, ETC. (IMPRINT)
Place of publication, distribution, etc New Delhi
Name of publisher, distributor, etc Arua Book Depot
Date of publication, distribution, etc 11005
270 ## - ADDRESS
Address 30, Nai Wala, Karol Bag
City New Delhi
Postal code 110005
300 ## - PHYSICAL DESCRIPTION
Extent 328p.
Other physical details 24cm(Hb)
650 ## - SUBJECT ADDED ENTRY--TOPICAL TERM
Topical term or geographic name as entry element Education -- Research -- India.
650 ## - SUBJECT ADDED ENTRY--TOPICAL TERM
Topical term or geographic name as entry element Education -- Research.
942 ## - ADDED ENTRY ELEMENTS (KOHA)
Source of classification or shelving scheme Dewey Decimal Classification
Koha item type English Books
Classification part 370.78
Call number suffix AGA
Holdings
Withdrawn status Lost status Source of classification or shelving scheme Damaged status Not for loan Home library Current library Date acquired Source of acquisition Total Checkouts Total Renewals Full call number Barcode Date last seen Date checked out Copy number Price effective from Koha item type
    Dewey Decimal Classification     Central Library Central Library 05/03/2016 Cen Lib/Ret 4 3 370.78 AGA A-451830 23/08/2024 09/08/2024 1 05/03/2016 English Books

© Delhi Public Library
Hit Counter
free hit counter